<?xml version="1.0" encoding="UTF-8"?>
<marc:record xmlns:marc="http://www.loc.gov/MARC21/slim">
   <marc:leader>00000nam a2200000 a 4500</marc:leader>
   <marc:datafield ind1="1" ind2=" " tag="100">
      <marc:subfield code="a">Rodgerson, Claire</marc:subfield>
   </marc:datafield>
   <marc:datafield ind1="1" ind2=" " tag="100">
      <marc:subfield code="a">Mari, Ebla</marc:subfield>
   </marc:datafield>
   <marc:datafield ind1="1" ind2=" " tag="100">
      <marc:subfield code="a">Turner, Dave</marc:subfield>
   </marc:datafield>
   <marc:datafield ind1="1" ind2=" " tag="100">
      <marc:subfield code="a">Loach, Ken</marc:subfield>
   </marc:datafield>
   <marc:datafield ind1="0" ind2="0" tag="245">
      <marc:subfield code="a">The Old Oak [Bildtonträger]</marc:subfield>
   </marc:datafield>
   <marc:datafield ind1="0" ind2="0" tag="245">
      <marc:subfield code="c">Regie: Ken Loach. Mit Dave Turner, Ebla Mari, Claire Rodgerson...</marc:subfield>
   </marc:datafield>
   <marc:datafield ind1=" " ind2="1" tag="264">
      <marc:subfield code="b">LEONINE</marc:subfield>
      <marc:subfield code="c">2024</marc:subfield>
   </marc:datafield>
   <marc:datafield ind1="1" ind2=" " tag="520">
      <marc:subfield code="a">Das THE OLD OAK ist ein besonderer Ort: letzte Bastion gegen den seit 30 Jahren fortschreitenden Verfall eines einst florierenden Grubendorfes im Nordosten Englands und Sammelpunkt der sich vom &#x84;System&#x93; verraten fühlenden Gemeinschaft ehemaliger Mienenarbeiter. Wirt TJ Ballantyne kann den Pub gerade so am Laufen, sich selbst dabei aber kaum über Wasser halten. Nicht einfacher wird die Lage durch die kritisch beäugte Ankunft syrischer Flüchtlinge, die in den zahlreichen leerstehenden Häusern des Dorfes untergebracht werden. Trotz der vielen Anfeindungen entwickelt sich zwischen der jungen Syrerin Yara und dem Kneipenbesitzer eine Art Freundschaft und gemeinsam versuchen sie, das THE OLD OAK als Treffpunkt für beide Gemeinschaften zu etablieren.</marc:subfield>
   </marc:datafield>
   <marc:datafield ind1=" " ind2=" " tag="020">
      <marc:subfield code="a">4061229457804</marc:subfield>
      <marc:subfield code="9">4061229457804</marc:subfield>
   </marc:datafield>
   <marc:datafield ind1=" " ind2=" " tag="500">
      <marc:subfield code="a">Orig.: GB, Frankreich, Belgien 2023. Sprache: Deutsch (Dolby Digital 5.1), Englisch (Dolby Digital 5.1). Untertitel: Deutsch</marc:subfield>
   </marc:datafield>
   <marc:datafield ind1="0" ind2=" " tag="490">
      <marc:subfield code="v">0</marc:subfield>
   </marc:datafield>
   <marc:datafield ind1=" " ind2=" " tag="300">
      <marc:subfield code="a">1 DVD (113 Min.) : farbig</marc:subfield>
   </marc:datafield>
</marc:record>
